000 nam a22 7a 4500
999 _c10621
_d10621
008 180219b ||||| |||| 00| 0 eng d
100 _aMahaja, H C
_96512
245 _aModern Essays in Database Issues
260 _aNew Delhi
_bS, Chand Publication
_c2012